Environmental pollution & toxicology / (Record no. 13982)

MARC details
000 -LEADER
fixed length control field 00899nam a22002537a 4500
005 - DATE AND TIME OF LATEST TRANSACTION
control field 20080625111548.0
008 - FIXED-LENGTH DATA ELEMENTS--GENERAL INFORMATION
fixed length control field 080618t xxu||||| |||| 00| 0 eng d
010 ## - LIBRARY OF CONGRESS CONTROL NUMBER
LC control number ENG-90414
020 ## - INTERNATIONAL STANDARD BOOK NUMBER
Terms of availability 695.00
International Standard Book Number 8131304327
035 ## - SYSTEM CONTROL NUMBER
System control number EN-73947
037 ## - SOURCE OF ACQUISITION
Source of stock number/acquisition DBAD / PUB
040 ## - CATALOGING SOURCE
Original cataloging agency DPL
Language of cataloging EN
082 ## - DEWEY DECIMAL CLASSIFICATION NUMBER
Classification number 363.73
100 ## - MAIN ENTRY--PERSONAL NAME
Personal name Joshi, B.D.
245 ## - TITLE STATEMENT
Title Environmental pollution & toxicology /
Statement of responsibility, etc by B.D. Joshi, P.C. Joshi [and] Namita Joshi
260 ## - PUBLICATION, DISTRIBUTION, ETC. (IMPRINT)
Place of publication, distribution, etc New Delhi
Name of publisher, distributor, etc APH Publishing
Date of publication, distribution, etc 2008
260 ## - PUBLICATION, DISTRIBUTION, ETC. (IMPRINT)
Place of publication, distribution, etc
Name of publisher, distributor, etc
270 ## - ADDRESS
Address 4435-36/7, Ansri Road, Darya Ganj,
City New Delhi
Postal code 110002
300 ## - PHYSICAL DESCRIPTION
Extent ix, 225p.
Dimensions 23 cm (Hb)
700 ## - ADDED ENTRY--PERSONAL NAME
Personal name Joshi, P.C.
700 ## - ADDED ENTRY--PERSONAL NAME
Personal name Joshi, Namita
942 ## - ADDED ENTRY ELEMENTS (KOHA)
Koha item type English Books
Classification part 363.73
Source of classification or shelving scheme Dewey Decimal Classification
Call number suffix JOS
Holdings
Withdrawn status Lost status Damaged status Not for loan Collection code Home library Current library Date acquired Source of acquisition Cost, normal purchase price Total Checkouts Full call number Barcode Date last seen Copy number Cost, replacement price Price effective from Koha item type
      Not For Loan Non-fiction D.B.Act.Division D.B.Act.Division 25/06/2008 DBAD / PUB 695.00   363.73 JOS EN-73947 15/09/2008 1 695.00 15/09/2008 English Books

© Delhi Public Library
Hit Counter
free hit counter